000 00557nam a2200217Ia 4500
003 OSt
005 20220928135648.0
006 a|||||r|||| 00| 0
007 ta
008 220927b |||||||| |||| 00| 0 eng d
024 _a4415
037 _cTextual
040 _aSDCL
_cSDCL
_beng
041 _2eng
_aeng
082 _aO-,1N32:g, L7
100 _aButscher Edward
_9492509
245 0 _aSylvia Plath
_b The woman and the work
260 _c1977
942 _hO-,1N32:g, L7
_cTEXL
_2CC
999 _c808112
_d808112